Sports Quiz

Random Sports or MLB Quiz
Score 0/119 Timer 20:00
0 Plays Today
Year Player % Correct
2001Alex Rodriguez
89.8%
2000Barry Bonds
89.7%
2000Sammy Sosa
88.9%
2002Albert Pujols
84.1%
2001Manny Ramirez
82.7%
2007Hanley Ramirez
82.4%
2004Aramis Ramirez
82.3%
2003David Ortiz
81.3%
2006Ryan Howard
79.2%
2007Adrian Gonzalez
78.1%
2001Luis Gonzalez
78.1%
2010Carlos Gonzalez
78%
2001Chipper Jones
77.1%
2002Andruw Jones
77%
2007Prince Fielder
75.4%
2010Jose Bautista
73.8%
2005Ken Griffey
73.8%
2001Jim Thome
69.6%
2004Adam Dunn
66%
2003Carlos Lee
65.8%
2003Derrek Lee
65.8%
2005Chase Utley
65.1%
2005Miguel Cabrera
65.1%
2000Jeff Bagwell
64.8%
2007Ryan Braun
64.2%
2000Frank Thomas
63.3%
2004Carlos Beltran
63.2%
2000Todd Helton
63.1%
2000Jason Giambi
63.1%
2008Josh Hamilton
62.5%
2002Lance Berkman
61.4%
2004Mark Teixeira
60.6%
2004Paul Konerko
60.4%
2002Alfonso Soriano
60.2%
2000Vladimir Guerrero
59.7%
2007David Wright
59.2%
2004Adrian Beltre
57.6%
2001Carlos Delgado
57.2%
2006Justin Morneau
56.6%
2007Carlos Pena
55.2%
Year Player % Correct
2007Jimmy Rollins
54.1%
2006Matt Holliday
54%
2007Chris Young
53.5%
2010Joey Votto
53%
2010Robinson Cano
53%
2001Larry Walker
52.9%
2008Evan Longoria
52.2%
2002Miguel Tejada
51.7%
2010Matt Kemp
49.1%
2005Jason Bay
48.8%
2002Jeff Kent
48.7%
2002Magglio Ordonez
48.2%
2000Gary Sheffield
48%
2001Rafael Palmeiro
47%
2010Kelly Johnson
46.7%
2006Torii Hunter
45.5%
2005Travis Hafner
44.9%
2003Vernon Wells
44.5%
2008Mark Reynolds
44.5%
2000Jim Edmonds
44.5%
2009Troy Tulowitzki
44.3%
2004Scott Rolen
44%
2001Shawn Green
43.7%
2009Jayson Werth
43.5%
2005Jermaine Dye
43.4%
2000Troy Glaus
42.9%
2007Dan Uggla
41.6%
2009Ryan Zimmerman
40.5%
2008Kevin Youkilis
39.8%
2009Nelson Cruz
39.4%
2008Grady Sizemore
39.3%
2001Richie Sexson
38.6%
2006Raul Ibanez
36.8%
2009Andre Ethier
35%
2002Eric Chavez
34.3%
2003Javy Lopez
33.7%
2003Mike Lowell
33.6%
2009Aaron Hill
33.2%
2003Bret Boone
33%
2007Brandon Phillips
32.9%
Year Player % Correct
2006Nick Swisher
30.3%
2002Brian Giles
29.5%
2002Pat Burrell
29.2%
2009Ian Kinsler
28.5%
2003Aubrey Huff
28.3%
2004Moises Alou
26.7%
2008Carlos Quentin
26.6%
2003Preston Wilson
26.4%
2010Corey Hart
26%
2010Rickie Weeks
25.8%
2009Adam Lind
25.4%
2004Vinny Castilla
24.2%
2009Michael Cuddyer
23%
2000Richard Hidalgo
22.3%
2003Jose Guillen
20.6%
2008Edwin Encarnacion
19.5%
2001Phil Nevin
18.5%
2008Ryan Ludwick
18.2%
2009Kendry Morales
17.9%
2006Adam LaRoche
17.3%
2005Tony Clark
16.5%
2008Jack Cust
15.7%
2003Jeromy Burnitz
15.6%
2003Reggie Sanders
14.7%
2004Steve Finley
14.5%
2005Morgan Ensberg
14.2%
2010Mike Napoli
14.1%
2006Bill Hall
13.6%
2007Brad Hawpe
13.3%
2006Garrett Atkins
12.4%
2009Russell Branyan
12.4%
2006Joe Crede
12.3%
2005Cliff Floyd
12.1%
2010Luke Scott
11.4%
2006Jeff Francoeur
9.4%
2008Nate McLouth
8.2%
2005Jorge Cantu
7.7%
2008Mike Jacobs
6.9%
2005David Dellucci
2.3%
Remove Ads.
Support Sporcle.
Get the best of Sporcle when you Go Orange. This ad-free experience offers more features, more stats, and more fun while also helping to support Sporcle. Thank you for becoming a member.

You're not logged in!

Compare scores with friends on all Sporcle quizzes.
OR
Log In

Sporcle TV

Today on Sporcle TV


Watch our educational content, quiz creation guides, and fun videos on Sporcle TV.

Show Comments

Extras

Top Quizzes Today


Score Distribution

Paid Content

Your Account Isn't Verified!

In order to create a playlist on Sporcle, you need to verify the email address you used during registration. Go to your Sporcle Settings to finish the process.

Report this User

Report this user for behavior that violates our Community Guidelines.

Details: